02472cam a22004694i 4500003000900000005001700009008004100026035001700067040003300084049000900117082002000126100003200146245015100178264006300329300003800392336002100430337002500451338002300476505065400499526001001153526001001163526001001173526001001183526000801193526000801201526000801209526000801217526000801225526000801233526000801241650002501249910001801274910002801292942001401320949013501334994001401469596000601483999015101489999015001640980005501790952015701845PE-LiUPU20250731173437.0150616s1966 cau r 000 0 eng d a(Sirsi) a556 aPE-LiUPUbspacPE-LiUPUerda aPRUA04a286.54bP542211 aPierson, Robert H.,eautor.10aSo you want to be a leader! :ba spiritual, human relations and promotional approach to church leadership and administration /cRoberth Pierson H. 1aCalifornia :bPacific Press Publishing Association,c1966. a152 páginas ;c20 centímetros atext2rdacontent aunmediated2rdamedia avolume2rdacarrier0 aWhy does the church need leaders? -- Do you truly measure up? -- Do you know where you are going and why? -- How do you get along with people? -- Can you really lead men? -- Can you put yourself in the other man's shoes? -- What kind of committee chairman are you? -- Do you know to make decisions?Can you promote? -- How do you budget your time? -- Do you know how to carry on effective and cordial correspondence? -- How do you fare when the going is rough? -- Can you take cristicism? -- Do you have confidence in the brethren? -- Is God your partner? -- Have you lost your sense of urgency? -- Is there fire inside? -- An administrator's prayer. aSEG42 aSEG41 aSEG40 aSEG39 aP94 aP87 aP86 aP85 aP77 aP76 aP3504aLiderazgo cristiano. ajckbjvqcjck abgrbkslcksld20190923 2ddccBOOK a286.54 P54wDEWEYc1i15441lCCODEBUL1mBULp00.00r0sYtBOOKu2015-04-23xTEOLOGIAzUNKNOWN0COMPRAo.STAFF. Colección General aC0bPEPRU a1 a286.54 P54wDEWEYc56601i15441f2019-12-11g5lDISCARDmBULr0sYtBOOKu2015-4-23xTEOLOGIAzUNKNOWN0COMPRAo.STAFF. Colección Generald56601 a286.54 P54wDEWEYc2i80676f2021-11-11g3lCCODEBUL1mBULp10.00r0sYtBOOKu2019-9-23xTEOLOGIAPP350DONACIONo.STAFF. Colección Teología 81gALBERTO SANCHEZ Responsable de Automatización r2025-12-02 00:00:00i4l0o286.54 P54p80676te2w2019-09-23xFTyBKzinventario-2023-12-13102ddc50708GENfP35aBULbBULcGENd2019-09-23eDONACION